Cvičení z ruské syntaxe. 3, Klíč k překladovým cvičením /

Hlavní autor: Česal, Bedřich, 1924-2004
Korporativní autor: Západočeská univerzita. Pedagogická fakulta
Další autoři: Vyčichlová, Ema, 1946-, Manková, Nina
Jazyk: Ruština
Čeština
Vydáno: Plzeň : Západočeská univerzita, 1998
Vydání: Vyd. 1.
Témata:
Fyzický popis: 45 s. ; 20 cm
Knihy
Uloženo v:
LEADER 01557nam a2200421 a 4500
001 000288341
003 CZ BrMZK
005 20210218144626.0
007 ta
008 980115s1998 xr e p 0 cze d
015 |a cnb000307387 
020 |a 80-7082-409-3 
035 |a (OCoLC)39317576 
040 |a BOA001  |b cze 
041 1 |a cze  |a rus 
072 7 |a 811.161.1  |x Ruština  |2 Konspekt  |9 11 
072 7 |a 37.016  |x Učební osnovy. Vyučovací předměty. Učebnice  |2 Konspekt  |9 22 
080 |a 811.161.1  |2 MRF 
080 |a 81'367  |2 MRF 
080 |a (075.8)  |2 MRF 
080 |a (076.5)  |2 MRF 
100 1 |a Česal, Bedřich,  |d 1924-2004  |7 jk01021772  |4 aut 
245 1 0 |a Cvičení z ruské syntaxe.  |n 3,  |p Klíč k překladovým cvičením /  |c Bedřich Česal, Ema Vyčichlová, Nina Manková 
246 3 0 |a Klíč k překladovým cvičením 
250 |a Vyd. 1. 
260 |a Plzeň :  |b Západočeská univerzita,  |c 1998 
300 |a 45 s. ;  |c 20 cm 
500 |a Určeno 3.-4. roč. FPE, zaměření ruský jazyk 
650 0 7 |a ruština  |7 ph125351  |2 czenas 
650 0 7 |a syntax  |7 ph117044  |2 czenas 
655 7 |a učebnice vysokých škol  |7 fd133772  |2 czenas 
655 7 |a praktická cvičení  |7 fd133118  |2 czenas 
700 1 |a Vyčichlová, Ema,  |d 1946-  |7 jn20001005734  |4 aut 
700 1 |a Manková, Nina  |7 ola2009548116  |4 aut 
710 2 |a Západočeská univerzita.  |b Pedagogická fakulta  |7 kn20010709437 
910 |a BOA001  |b 2-1028.721,3 
990 |a BK 
996 6 |b 2610066712  |c 2-1028.721,3  |l MZK  |r Sklad / do 1 hodiny  |n 1  |p p.v.  |w 000288341  |u 000010  |a 1  |e BOA001  |j MZK50  |s P